| 000 | 00527cam a2200181ua 4500 | ||
|---|---|---|---|
| 020 | _a81-85005-45-1 | ||
| 041 |
_aeng _h |
||
| 082 |
_a631.587 _bBHA/EC |
||
| 100 | _aBhawan, B D . | ||
| 245 |
_aEconomics of ground water irrigation in hard rock regions with special reference to Maharashtra state / _cB D Bhawan. _hTextual Documents |
||
| 250 |
_a1 / _b. |
||
| 260 |
_aNew Delhi : _bAgricole Publishing Academy , _c1986. |
||
| 300 | _a101 ; . | ||
| 504 | _a | ||
| 942 | _cBK | ||
| 999 |
_c7323 _d7323 |
||